LEADER 01054cam0-22003371i-450- 001 990006877370403321 005 20051028105329.0 035 $a000687737 035 $aFED01000687737 035 $a(Aleph)000687737FED01 035 $a000687737 100 $a20010426d1989----km-y0itay50------ba 101 0 $aeng 102 $aGB 105 $ay-------001yy 200 1 $aFamine, disease and the social order in ear ly modern society$fedited by John Walter and Roger Schofield 210 $aCambridge$cCambridge University Press$d1989 215 $aXIV, 335 p.$d23 cm 225 1 $aCambridge studies in population, economy and society in past time$v10 676 $a363.8 702 1$aSchofield,$bRoger 702 1$aWalter,$bJohn 801 0$aIT$bUNINA$gRICA$2UNIMARC 901 $aBK 912 $a990006877370403321 952 $aCOLLEZ. 1077 (10)$b8686$fFSPBC 952 $aSE 099.02.23-$b2428$fDECSE 959 $aFSPBC 959 $aDECSE 996 $aFamine, disease and the social order in ear ly modern society$9625617 997 $aUNINA LEADER 01264nam 2200349Ia 450 001 996386173103316 005 20221108085342.0 035 $a(CKB)4940000000077015 035 $a(EEBO)2240954755 035 $a(OCoLC)12398899 035 $a(EXLCZ)994940000000077015 100 $a19850819d1666 uy | 101 0 $aeng 135 $aurbn||||a|bb| 200 14$aThe pilgrims wish, or, The saints longing$b[electronic resource] $ediscussed in a sermon preached in St. Bennet Grace Church, at the funeral of Mris. Anne Dudson ... who departed this life the fourth day of January 1658, and was interr'd the eleventh of the same month /$fby Nath. Hardy .. 210 $aLondon $cPrinted by T. Newcomb, for William Grantham ...$d1666 215 $a[4], 30 p 300 $aReproduction of original in Cambridge University Library. 330 $aeebo-0021 606 $aFuneral sermons 606 $aSermons, English$y17th century 615 0$aFuneral sermons. 615 0$aSermons, English 700 $aHardy$b Nathaniel$f1618-1670.$0821523 801 0$bEAA 801 1$bEAA 801 2$bm/c 801 2$bWaOLN 906 $aBOOK 912 $a996386173103316 996 $aThe pilgrims wish, or, The saints longing$92303355 997 $aUNISA